| 000 | 00498nam a2200169Ia 4500 | ||
|---|---|---|---|
| 003 | GCL | ||
| 008 | 140319s9999 xx 000 0 eng d | ||
| 040 |
_aGCL / _cGCL |
||
| 082 | 0 | 4 |
_aCH _b503 _bN Y |
| 100 | 1 | _aNATIONAL COLLEGEOF EDUCATION | |
| 245 | 1 | 0 |
_aYOUNG PEOPLE'S SCIENCE ENCYCLOPEDIA (22 VOLUME) / _cNATIONAL COLLEGEOF EDUCATION |
| 260 |
_a[S.N] : _bCHILDREN PRESS |
||
| 650 | 0 | 4 | _aCHILDREN |
| 650 | 0 | 4 | _aENCYCLOPEDIES |
| 650 | 0 | 4 | _aSCIENCE - ENCYCLOPEDIAS AND DICTIONARY |
| 942 |
_2ddc _cBK |
||
| 999 |
_c23731 _d23731 |
||